000 00336nam a2200097Ia 4500
008 220120s9999||||xx |||||||||||||| ||und||
100 _aAlbin baby, Avinash b s, Kavana h t
_912825
245 0 _aDesign and Implemention of automatic gas booking and monitor
260 _aCoorg Institute of Technology
_bPonnampet
_c2020
650 _aMECHANICAL
999 _c138425
_d138425